| 000 | 00509cam a2200193ua 4500 | ||
|---|---|---|---|
| 001 | 17048 | ||
| 008 | 141231n2009 II |||gr||||Z||||||asm | ||
| 040 | _aMAIN | ||
| 041 | _aEnglish | ||
| 082 | _a294.592 6 sre | ||
| 082 | _a294.592 6 SRE | ||
| 100 | _aSREE SHANKARDEV . | ||
| 245 | _aSREE SREE SANKAR & SREE SREE MADHAV BIRACHITA "KIRTAN GHOSHA ARU NAAM GHOSA | ||
| 260 |
_aGUWAHATI _bBANI MANDIR _c2009 |
||
| 300 |
_a251: _c20CM. |
||
| 653 | _aDHARMASASTRA | ||
| 700 | _aSREE MADHAVDEV . | ||
| 942 | _cBK | ||
| 999 |
_c16933 _d16933 |
||